| 000 | 00560nam a2200169 a 4500 | ||
|---|---|---|---|
| 001 | 000034353 | ||
| 005 | 20200930073644.0 | ||
| 008 | 111003s1973 pr 000 0 spa d | ||
| 020 | _a8439904584 | ||
| 040 |
_aDO-SdBNP _bspa _cBNPHU |
||
| 245 | 0 | 0 | _aLecturas hispanoamericanas /. |
| 260 |
_aNew York : _bPlaza Mayor Ediciones, _c1973. |
||
| 300 |
_a301 p. ; _c23 cm. |
||
| 500 | _aIncluye referencias bibliográficas y notas al pie de las páginas | ||
| 710 | 1 |
_aDepartamento de Español de la Universidad Interamericana de Puerto Rico _959779 |
|
| 049 | _aBNPD | ||
| 999 |
_c33844 _d33844 |
||